La opcion de compra

Bibliographic Details
Main Author: Asurmendi, Camino Sancinera
Format: Unknown
Language:Spanish
Published: Madrid : Dykinson, 2003
Subjects:
Online Access:Acceso restringido

MARC

LEADER 00000ny a22000003n 4500
005 20110627130844.0
006 m u
007 cr cn|||||||||
008 200508r2003 sp |||||s|||||||||||spa d
020 |a 9788497721790 
035 |a 643 
040 |a FlNmELB  |c FlNmELB  |d vLex 
050 1 4 |a KKT858.5.O67  |b A861 2003eb 
050 1 4 |a KKT858.5.O67  |b A861 2003eb 
080 |a 347.451 
090 |c 1128  |d 1128 
100 1 |a Asurmendi, Camino Sancinera 
245 1 3 |a La opcion de compra  |h [Recurso electrn̤ico]  |c Camino Sancinera Asurmendi 
256 |a Servicio en ln̕ea. 
260 |a Madrid :  |b Dykinson,  |c 2003 
300 |a 3-294 p 
506 1 |a Contenido solo disponible en los productos indicados  |d vLex Global  |d vLex Global (Academic Edition, excluding Law Schools)  |d vLex Global (U.S. Academic Edition, Law Schools)  |d vLex Global (U.S. Academic Edition, excluding Law Schools)  |d vLex Global (Academic Edition, Law Schools) 
650 0 7 |a Derecho de opcin̤  |2 Tesauro vLex 
650 0 7 |a Civil  |2 Tesauro vLex 
650 0 7 |a Opcin̤ de compra  |2 Tesauro vLex 
740 0 |a vLex Libros (Servicios en ln̕ea) 
856 4 0 |u http://vlex.com/source/643  |z Acceso restringido 
942 |c BOOK